Missing Word: Movie Title Characters II Quiz Stats

 Plays Quiz Updated Jul 12, 2016

Challenge
Share
Tweet
Embed
Score 0/26 Timer 04:00
4 Plays Today
Title of Movie Missing Character % Correct
____ ScissorhandsEdward
98.1%
____ Hood: Prince of ThievesRobin
98%
____ and the TrampLady
97.8%
____ GumpForrest
97.3%
____ MaguireJerry
93.9%
____ Christian AndersenHans
91%
____ the Terrible, Part 1Ivan
90%
____ UnchainedDjango
87.7%
____ Wilson's WarCharlie
82.9%
The Madness of King ____George
82.4%
____ Perry: Part of MeKaty
81.3%
___ BearYogi
80.5%
X-Men Origins: ____Wolverine
79.7%
Title of Movie Missing Character % Correct
Frost/____Nixon
79.4%
____ and CleopatraAntony
78.9%
____ AdamsPatch
78.7%
____ and CompanyOliver
76.6%
The Legend of Bagger ____Vance
76.1%
Avengers: Age of ____Ultron
73%
___ the GreekZorba
66.1%
____: Cultural Learnings of America...Borat
63.1%
Thoroughly Modern ____Millie
60.4%
____ Down UnderQuigley
47.2%
____ Forever AfterShrek
45.5%
___ Xiu: The Sent Down GirlXiu
43.7%
My Neighbor ____Totoro
27.7%

Today's Daily Dose

You're not logged in!

Compare scores with friends on all Sporcle quizzes.
Join for Free
OR
Log In

You Might Also Like...

Show Comments

Extras

Top Quizzes Today


Score Distribution

Your Account Isn't Verified!

In order to create a playlist on Sporcle, you need to verify the email address you used during registration. Go to your Sporcle Settings to finish the process.

Report this User

Report this user for behavior that violates our Community Guidelines.

Details: